Sound design for low and no budget films / (Record no. 359362)
[ view plain ]
| 000 -LEADER | |
|---|---|
| fixed length control field | 00430nam a2200133Ia 4500 |
| 008 - FIXED-LENGTH DATA ELEMENTS--GENERAL INFORMATION | |
| fixed length control field | 181023s9999 xx 000 0 und d |
| 020 ## - INTERNATIONAL STANDARD BOOK NUMBER | |
| International Standard Book Number | 9781138839441 |
| 100 ## - MAIN ENTRY--PERSONAL NAME | |
| Personal name | Winters, Patrick. |
| 245 ## - TITLE STATEMENT | |
| Statement of responsibility, etc | Patrick Winters.-- |
| Title | Sound design for low and no budget films / |
| 260 ## - PUBLICATION, DISTRIBUTION, ETC. (IMPRINT) | |
| Place of publication, distribution, etc | New York : |
| Name of publisher, distributor, etc | Routlege |
| Date of publication, distribution, etc | 2017 |
| 300 ## - PHYSICAL DESCRIPTION | |
| Extent | xvii, 262 pages. |
| 650 ## - SUBJECT ADDED ENTRY--TOPICAL TERM | |
| Topical term or geographic name as entry element | Motion pictures -- sound effects. |
| 650 ## - SUBJECT ADDED ENTRY--TOPICAL TERM | |
| Topical term or geographic name as entry element | Sound-- recording and reproducing. |
| Withdrawn status | Lost status | Damaged status | Home library | Current library | Shelving location | Date acquired | Source of acquisition | Total Checkouts | Full call number | Barcode | Date last seen | Price effective from | Koha item type |
|---|---|---|---|---|---|---|---|---|---|---|---|---|---|
| College Library | College Library | Reserve Section | 10/23/2018 | Library Fund | TR 897 .W78 2017 | C21721 | 10/23/2018 | 10/23/2018 | Books |